Sports Quiz

Random Sports or NHL Quiz

NHL Teams Jeremy Roenick Played For Quiz Stats

 Plays Quiz not verified by Sporcle

Also try: #1 Athletes
Challenge
Share
Tweet
Embed
Score 0/5 Timer 02:00
0 Plays Today
Team % Correct
Philadelphia Flyers
90.2%
Chicago Blackhawks
88.9%
Phoenix Coyotes
87.8%
San Jose Sharks
86.8%
Los Angeles Kings
63.1%

You're not logged in!

Compare scores with friends on all Sporcle quizzes.
OR
Log In

You Might Also Like...

Show Comments

Extras

Created Mar 5, 2010ReportNominate
Tags:NHL Quiz, jeremy, team

Top Quizzes Today


Score Distribution

Your Account Isn't Verified!

In order to create a playlist on Sporcle, you need to verify the email address you used during registration. Go to your Sporcle Settings to finish the process.

Report this User

Report this user for behavior that violates our Community Guidelines.

Details: